ბათუმის შოთა რუსთაველის სახელმწიფო უნივერსიტეტის ბიბლიოთეკა

ლექციების კურსი პედაგოგიკაში : (ბიბ.ჩანაწერი № 49619)

000 -ლიდერი
ფიქსირებული სიგრძის საკონტროლო ველი 01375nam a2200265Ia 4500
001 - საკონტროლო ნომერი
საკონტროლო ველი 16551
003 - საკონტროლო ნომრის იდენტიფიკატორი
საკონტროლო ველი GE_BSU
005 - ბოლო ოპერაციის თარიღი და დრო
საკონტროლო ველი 20250117174148.0
008 - ფიქსირებული სიგრძის მონაცემთა ელემენტები - ზოგადი ინფორმაცია
ფიქსირებული სიგრძის საკონტროლო ველი 181216s2006||||ge |||||||||||||| ||geo||
020 ## - წიგნის საერთაშორისო სტანდარტული ნომერი
International Standard Book Number 99928-43-57-8
040 ## - კატალოგიზაციის წყარო
Transcribing agency GE_BSU
041 ## - ენის კოდი
Language code of text/sound track or separate title geo
080 ## - უნივერსალური ათობითი კლასიფიკაციის ინდექსი
Universal Decimal Classification number 37.01(042.4) ბ-29
100 ## - მთავარი ჩანაწერი - პიროვნების სახელი
Personal name ბასილაძე, ნოდარ
9 (RLIN) 24059
245 ## - ცნობა სათაურის შესახებ
Title ლექციების კურსი პედაგოგიკაში :
Remainder of title (პედაგოგიკის ზოგადი საფუძვლები და აღზრდის თეორია) /
Statement of responsibility, etc ნოდარ ბასილაძე ; [რედ. იური ბიბილეიშვილი].
264 ## - წარმოების, გამოცემის, დისტრიბუციის და სხვა ცნობები
გამოცემის, წარმოების, დისტრიბუციის... ადგილი ბათუმი :
გამოცემის, წარმოების, დისტრიბუციის... სახელწოდება ალიონი,
გამოცემის, წარმოების, დისტრიბუციის... თარიღი 2006.
300 ## - ფიზიკური აღწერა
Extent 258 გვ. ;
Dimensions 20სმ
500 ## - ზოგადი შენიშვნა
General note წიგნს ახლავს ავტ. მინაწ.
520 ## - SUMMARY, ETC.
Summary, etc წიგნს ახლავს ავტ. მინაწ
653 ## - INDEX TERM--UNCONTROLLED
Uncontrolled term ლექციების კურსი პედაგოგიკაში
653 ## - INDEX TERM--UNCONTROLLED
Uncontrolled term პედაგოგიკა
653 ## - INDEX TERM--UNCONTROLLED
Uncontrolled term პედაგოგიკის ზოგადი საფუძვლები და აღზრდის თეორია
700 ## - ADDED ENTRY--PERSONAL NAME
Personal name ბიბილეიშვილი, იური
Relator term რედაქტორი
9 (RLIN) 24060
942 ## - ADDED ENTRY ELEMENTS (KOHA)
Koha item type წიგნი
Source of classification or shelving scheme
ეგზემპლარები
ჩამოწერის სტატუსი დაკარგული ეგზემპლარის სტატუსი კლასიფიკაციის წყარო ან თაროზე გაწყობის სქემა დაზიანების სტატუსი არ გაიცემა მუდმივი მდებარეობა (დაცვის ადგილი) ამჟამინდელი ადგილსამყოფელი თაროზე განთავსების ადგილი შეძენის თარიღი ღირებულება, შესყიდვის ნორმალური ფასი სრული შენახვის შიფრი შტრიხკოდი ბოლო ოპერაციის თარიღი ეგზემპლარის მიმდევრობითი ნომერი (კეტერი?) ფასის ძალაში შესვლის თარიღი ეგზემპლარის სახეობა საჯარო შენიშვნა
          ბათუმის შოთა რუსთაველის სახელმწიფო უნივერსიტეტის მთავარი ბიბლიოთეკა ბათუმის შოთა რუსთაველის სახელმწიფო უნივერსიტეტის მთავარი ბიბლიოთეკა წიგნსაცავი 2018-12-17 11.00 37.01(042.4) ბ-29 27616 2018-12-17 27616 2018-12-17 წიგნი 11.00 ₾.
          ბათუმის შოთა რუსთაველის სახელმწიფო უნივერსიტეტის მთავარი ბიბლიოთეკა ბათუმის შოთა რუსთაველის სახელმწიფო უნივერსიტეტის მთავარი ბიბლიოთეკა წიგნსაცავი 2018-12-17 11.00 37.01(042.4) ბ-29 27617 2018-12-17 27617 2018-12-17 წიგნი 11.00 ₾.
          ბათუმის შოთა რუსთაველის სახელმწიფო უნივერსიტეტის მთავარი ბიბლიოთეკა ბათუმის შოთა რუსთაველის სახელმწიფო უნივერსიტეტის მთავარი ბიბლიოთეკა წიგნსაცავი 2018-12-17 11.00 37.01(042.4) ბ-29 48199 2018-12-17 48199 2018-12-17 წიგნი 11.00 ₾.
          ბათუმის შოთა რუსთაველის სახელმწიფო უნივერსიტეტის მთავარი ბიბლიოთეკა ბათუმის შოთა რუსთაველის სახელმწიფო უნივერსიტეტის მთავარი ბიბლიოთეკა   2018-12-17 10.00 37.01(042.4) ბ-29 27804 2018-12-17 27804 2018-12-17 წიგნი 10.00 ₾.